Eastern Utah Libraries Catalog: Duchesne, Heber, Roosevelt, & Vernal

Body pro : (Record no. 308733)

MARC details
000 -LEADER
fixed length control field 01120nam a2200289 4500
001 - CONTROL NUMBER
control field 2050198
003 - CONTROL NUMBER IDENTIFIER
control field IlCrPQL
005 - DATE AND TIME OF LATEST TRANSACTION
control field 20200320211602.0
008 - FIXED-LENGTH DATA ELEMENTS--GENERAL INFORMATION
fixed length control field 180501 eng
020 ## - INTERNATIONAL STANDARD BOOK NUMBER
International Standard Book Number 1515778789
020 ## - INTERNATIONAL STANDARD BOOK NUMBER
International Standard Book Number 9781515778783
040 ## - CATALOGING SOURCE
Transcribing agency IlCrPQL
082 14 - DEWEY DECIMAL CLASSIFICATION NUMBER
Classification number 571
100 1# - MAIN ENTRY--PERSONAL NAME
Personal name Falligant, Erin.
9 (RLIN) 5813206
245 10 - TITLE STATEMENT
Title Body pro :
Remainder of title facts and figures about bad hair days, blemishes and being healthy /
Statement of responsibility, etc Erin Falligant.
260 ## - PUBLICATION, DISTRIBUTION, ETC. (IMPRINT)
Place of publication, distribution, etc North Mankato, MN :
Name of publisher, distributor, etc Capstone Press,
Date of publication, distribution, etc 2018.
300 ## - PHYSICAL DESCRIPTION
Extent 48 p. :
Other physical details col. ill. ;
Dimensions 27 cm
520 ## - SUMMARY, ETC.
Summary, etc How often should you wash your hair? At what age do most girls start shaving their legs? How many girls your age wear makeup? Find the answers to these questions and more about growing up GIRL!
521 2# - TARGET AUDIENCE NOTE
Target audience note 5678.
521 8# - TARGET AUDIENCE NOTE
Target audience note 800
Source Lexile.
650 #7 - SUBJECT ADDED ENTRY--TOPICAL TERM
Topical term or geographic name as entry element Girls
General subdivision Health and hygiene.
Source of heading or term sears
9 (RLIN) 84664
650 #7 - SUBJECT ADDED ENTRY--TOPICAL TERM
Topical term or geographic name as entry element Grooming for girls.
Source of heading or term sears
9 (RLIN) 95559
942 ## - ADDED ENTRY ELEMENTS (KOHA)
Koha item type BOOK
948 ## - LOCAL PROCESSING INFORMATION (OCLC); SERIES PART DESIGNATOR (RLIN)
Series part designator, SPT (RLIN) 05/01/2018
z (OCLC) Sirsi
949 ## - LOCAL PROCESSING INFORMATION (OCLC)
h 571
i Fal
9 23.49
996 ## -
-- 149296
-- 34301001551334
-- JNF
-- bk
-- wcl
-- i
-- 5
-- 21.95
-- rainbow
-- 646.7 Fal
-- 05/18/2018
-- 09/19/2019
-- 09/09/2019
Holdings
Withdrawn status Lost status Source of classification or shelving scheme Damaged status Not for loan Collection code Home library Current library Shelving location Date acquired Source of acquisition Cost, normal purchase price Total Checkouts Total Renewals Full call number Barcode Date last seen Date checked out Cost, replacement price Price effective from Koha item type
    Dewey Decimal Classification     Junior NonFiction Wasatch County Library Wasatch County Library Second Floor 05/18/2018   21.95 12 4 J 646.7 Fal 34301001551334 12/26/2025 11/06/2025 21.95 03/20/2020 BOOK
This project was made possible through a grant from the Institute of Museum and Library Service administered by the Utah State Library Division.

Wasatch County Library

  • 465 East 1200 South, Heber City, Utah 84032
  • Phone 435-654-1511 | Fax 435-654-6456

Hours

  • Monday - Friday 9:30 AM - 8:00 PM
  • Saturday 9:30 AM - 1:30 PM
  • Closed Sundays and Holidays